Normal view
MARC view
Entry Topical Term
001 - CONTROL NUMBER
- control field: 5508
003 - CONTROL NUMBER IDENTIFIER
- control field: ARRUPE
005 - DATE AND TIME OF LATEST TRANSACTION
- control field: 20131211161403.0
008 - FIXED-LENGTH DATA ELEMENTS
- fixed length control field: 131211|| aca||aabn | a|a d
040 ## - CATALOGING SOURCE
- Original cataloging agency: ARRUPE
- Transcribing agency: ARRUPE
150 ## - HEADING--TOPICAL TERM
- Topical term or geographic name as entry element: Photography of animals.
670 ## - SOURCE DATA FOUND
- Source citation: Work cat.: (ARRUPE)0: Brom, John L. [from old catalog] 5507, Twenty thousand miles in the African jungle., 1958.